01015nam a22002657a 450000500170000001000130001702000110003003500130004103700160005404000120007008200180008210000280010024500980012824600710022626000830029727000140038030000210039465000280041565000520044365000310049565000360052694200270056299900190058995201410060820170123162305.0 aB-133781 c220.00 aB-133781 bCen Lib/Ret aDPLbUR a921bا ب و aابو سلمان 9460 aمفتی عظیم ہند: cابو سلمان b ایک ادبی اور سیاسی شخصیت aMufti Azim Hind : ek adabi aur siyasi shakhsiyat /bby Abu Salman  aپٹنہ bخدا بخش ورئیےنٹل پبلک لائبریری c2005 bپٹنہ  a246p. c21cm(Hb) a سیاسیات9109667 aسوانح حیات - مفتی اعظم9109668 aPolitical science 9109669 aBiography -- Mufti Azim9109670 2ddccURh921mا ب و c106261d106261 00104070aLbLd2015-12-17eCen Lib/Retg220.00l1o921 ا ب وpB-133781r2018-12-05 00:00:00s2018-11-27t1v220.00w2015-12-17yUR